Álgebra linear

Guardado en:
Detalles Bibliográficos
Autor principal: Amaral, Isabel
Otros Autores: Ferreira, Manuel Alberto M.
Formato: Desconocido
Lenguaje:portugués
Publicado: Lisboa Sílabo 1999-
Edición:6ª ed
Catálogo:MANES:  Resultados de Búsqueda del Catálogo
Clasificación de libros de texto:
Colección:Matemática
Etiquetas: Agregar Etiqueta
Sin Etiquetas, Sea el primero en etiquetar este registro!
Añadido a:2016-04-26
Cambiado en:2025-04-25

MARC

LEADER 000000000a22000000004500
001 28146
003 OSt
005 20250425111447.0
008 160427s pt ||||| |||| 00| 0 por d
040 |c centro_manes 
041 1 |a por 
100 1 |a Amaral, Isabel  |9 15439 
245 0 0 |a Álgebra linear 
250 |a 6ª ed 
260 3 |a Lisboa  |b Sílabo  |c 1999- 
300 |a v.;  |c 24 cm 
440 |a Matemática  |9 15582 
500 |a 1º v.  |a 1º v. : Matrizes e determinantes. - 235 p. 
561 |5 pt-BNP  |a Portugal. Biblioteca Nacional de Portugal  |k MANES 
690 0 |a MATE 
691 |a SE 
700 1 |a Ferreira, Manuel Alberto M.  |9 15440 
942 |2 ddc  |c BK 
546 |a Portugal 
999 |c 29608  |d 29608 
999 |c manes:29608  |d 29608